00431nam a2200133Ia 450000500170000000800410001704100080005810000230006624500220008926000300011130000200014199900190016195201170018020251223131551.0251219s9999 xx 000 0 und d aeng aPremchand 9215960 a21 Anmol Kahaniya bMaple Press / Noidac2014 a207bPaper Back c369490d369490 00104070aHIMRbHIMRd2025-12-11g125.00l0pHIMR-DB-3236r2025-12-23 13:15:51v125.00w2025-12-23yDBzDB3236